000 00515nam a2200181Ia 4500
008 160114s9999 xx 000 0 und d
020 _a0-603561616
050 _aFic
050 _b.B661f 2004
100 _aBlyton, Grid.
245 _aFirst term at Malory Towers
_cGrid Blyton.
260 _aGreat Britian
_bEnid Blyton Limited
_c2004
300 _a169 pages;
650 _aBoarding schools --
650 _aMalory Towers (Imaginary place) --
650 _xJuvenile fiction.
650 _xJuvenile fiction.
999 _c290360
_d290360